Winston Leonard Spencer-Churchill (Record no. 110430)
[ view plain ]
| 000 -LEADER | |
|---|---|
| fixed length control field | 01846nam a2200361 a 4500 |
| 082 04 - DEWEY DECIMAL CLASSIFICATION NUMBER | |
| Classification number | 365/.92 |
| 100 1# - MAIN ENTRY--AUTHOR NAME | |
| Personal name | Baxendale, Alan S., |
| 245 10 - TITLE STATEMENT | |
| Title | Winston Leonard Spencer-Churchill |
| 260 ## - PUBLICATION, DISTRIBUTION, ETC. (IMPRINT) | |
| Place of publication | New York : |
| Name of publisher | Peter Lang, |
| Year of publication | 2010. |
| 300 ## - PHYSICAL DESCRIPTION | |
| Number of Pages | xiv, 231 p. |
| 505 0# - FORMATTED CONTENTS NOTE | |
| Formatted contents note | Mr Secretary Churchill, 19 February 1910 -- The home office and the prison commission : dramatis personae -- Treatment of the gladstonian legacy -- Humanizing convict and local prison regimes : Churchill's initiatives -- Young offenders -- Preventive detention -- Abatement of imprisonment : draft administration of justice bill, 8 April 1911 -- The royal prerogative of mercy : Churchill and the judiciary -- Churchill's penal thought and practice : an assessment. |
| 650 #0 - SUBJECT ADDED ENTRY--TOPICAL TERM | |
| Topical Term | Prison administration |
| Topical Term | Corrections |
| 856 40 - ELECTRONIC LOCATION AND ACCESS | |
| Uniform Resource Identifier | http://site.ebrary.com/lib/rucke/Doc?id=10600404 |
No items available.
